Statistics for General Knowledge Quiz #211

Click here to take the quiz!

General Stats

  • This quiz has been taken 28,993 times
  • The average score is 13 of 20

Answer Stats

QuestionAnswer% Correct
What country is mostly located in Africa, but has a small amount of territory in Asia?Egypt
87%
What mythological figure died after being hit in the heel with an arrow?Achilles
86%
How many children did Queen Elizabeth I have?Zero
86%
What comes in lead-acid, nickel-cadmium, and lithium-ion varieties?Batteries
80%
Many people spell the word cemetary wrong. In fact, we just did.
What is the correct spelling?
Cemetery
79%
What is the Italian word for love?Amore
78%
What is the most common mens' name in Spain that starts with the letter C?Carlos
78%
Who was born as Cassius Clay in Louisville, Kentucky in 1942?Muhammad Ali
73%
What actor uses his middle initial, B, to distinguish himself from the basketball player
with the same first and last names?
Michael B. Jordan
72%
Into what river are the cremated remains of about 25,000 people disposed annually?Ganges
61%
What country of 25 million has had zero confirmed cases of coronavirus due to
tight lockdowns and strict border controls?
North Korea
55%
There are four throwing events in the Olympics: the shot put,
the discus, the javelin, and what?
Hammer Toss
54%
What is the largest type of musical instrument that is commonly used?Pipe organ
53%
What country was once led by general Augusto Pinochet?Chile
52%
What V word refers to a personal servant such as Jeeves?Valet
52%
What is the term for a long gun that has grooves cut into its barrel which spin the bullet?Rifle
51%
There's a decent chance that something you are wearing right now has the
letters YKK on it. What is it?
Zipper
50%
Besides biannual, what is another word that means twice a year?{Semi}annual
43%
What country's official newspaper was called Pravda, meaning "truth"?Soviet Union
42%
What movie characters were portrayed by Alex Winter and Keanu Reeves?Bill and Ted
30%

Score Distribution

Percentile by Number Answered

Percent of People with Each Score

Your Score History

You have not taken this quiz